Not the Obvious IV Quiz Stats

 Plays Quiz Updated Dec 30, 2018

Challenge
Share
Tweet
Embed
Score 0/20 Timer 05:00
3 Plays Today
Category Answer % Correct
Children of Kris Jenner (Jenner or Kardashian kids)Khloe, Kylie, Kendall, Rob
78.1%
US states admitted in 20th centuryOklahoma, New Mexico, Arizona
73.2%
The Voice (US) coachesChristina Aguilera, Usher, CeeLo Green....
72.7%
The Beatles studio albumsRevolver, Let It Be, Help!...
72.7%
'The Flintstones' family membersPebbles, Dino, Baby Puss
72.6%
Modern day countries created from the former YugoslaviaBosnia and Herzegovina, Montenegro...
64.3%
Big 4 Florida teamsJacksonville Jaguars, Orlando Magic, Miami Marlins...
62.9%
Political parties of elected US presidentsWhig, Federalist, Democratic-Republican
59.9%
Adele singles (Billboard Hot 100 charting)Hello, Set Fire to the Rain, Skyfall, Chasing Pavements...
53.8%
Crayola crayon colors starting with 'G'Gold, Green Yellow, Granny Smith Apple, Goldenrod
50.8%
Category Answer % Correct
Elements starting with 'N'Nickel, Neptunium, Nobelium....
48.1%
Anagrams of 'MERITS'Remits, Mitres, Miters, Smiter
47.3%
5-letter NFL teamsIndianapolis Colts, Buffalo Bills
46.8%
Jane Austen novelsEmma, Northanger Abbey...
45.8%
'V' world capitalsVaduz, Vilnius, Victoria...
35%
74th Hunger Games tributesRue, Foxface, Cato...
33.5%
Original Beanie Baby animalsMoose, Frog, Platypus...
32.8%
Countries with Portuguese as official languageAngola, Guinea-Bissau, Cabo Verde...
30%
Countries containing all 5 vowelsEquatorial Guinea, Mozambique, Dominican Republic
22.5%
Daytime Emmy for Best Talk Show Host, male winnersDr. Mehmet Oz, Montel Williams, Wayne Brady...
17.6%

You're not logged in!

Compare scores with friends on all Sporcle quizzes.
OR
Log In

You Might Also Like...

Show Comments

Extras

Top Quizzes Today


Score Distribution

Your Account Isn't Verified!

In order to create a playlist on Sporcle, you need to verify the email address you used during registration. Go to your Sporcle Settings to finish the process.

Report this User

Report this user for behavior that violates our Community Guidelines.

Details: